Politician by Book Quiz Stats

 Plays Quiz Updated Apr 3, 2020

Support Sporcle.
Go Orange.
Score 0/15 Timer 06:00
0 Plays Today
Book Politician % Correct
An Inconvenient Truth Al Gore
93.6%
Keeping Faith: Memoirs of a President Jimmy Carter
75.1%
Profiles in CourageJohn F. Kennedy
70%
The Naval War of 1812Theodore Roosevelt
55.6%
Faith of My FathersJohn McCain
51.5%
Madam SecretaryMadeleine Albright
50.5%
End the FedRon Paul
34.1%
No ApologyMitt Romney
25.8%
Book Politician % Correct
My American JourneyColin Powell
21.9%
The Governor: The Truth Behind the Political Scandal That Continues to Rock the NationRod Blagojevich
16%
Vietnam: A Personal History of America's Involvement in and Extrication from the Vietnam WarHenry Kissinger
15.9%
Do the Right Thing: Inside the Movement That's Bringing Common Sense Back to AmericaMike Huckabee
7.7%
LeadershipRudy Giuliani
6.3%
The Senate and the League of NationsHenry Cabot Lodge
6.3%
No Retreat, No Surrender: One American's Fight Tom Delay
3.2%

You're not logged in!

Compare scores with friends on all Sporcle quizzes.
OR
Log In

From the Vault

College Towns III

by Ben

You can always tell a college town by how packed the copy shops are at 2am.
Remove Ads.
Support Sporcle.
Get the best of Sporcle when you Go Orange. This ad-free experience offers more features, more stats, and more fun while also helping to support Sporcle. Thank you for becoming a member.

Show Comments

Extras

Top Quizzes Today


Score Distribution

Your Account Isn't Verified!

In order to create a playlist on Sporcle, you need to verify the email address you used during registration. Go to your Sporcle Settings to finish the process.

Report this User

Report this user for behavior that violates our Community Guidelines.

Details: